书目信息 |
| 题名: |
残疾人专职委员培训教程
|
|
| 作者: | 许巧仙 , 谢净 编著 | |
| 分册: | ||
| 出版信息: | 南京 南京师范大学出版社 2014.08 |
|
| 页数: | 313页 | |
| 开本: | 26cm | |
| 丛书名: | ||
| 单 册: | ||
| 中图分类: | D669.69 | |
| 科图分类: | ||
| 主题词: | 残疾人--社会服务--中国--教材 | |
| 电子资源: | ||
| ISBN: | 978-7-5651-1813-5 | |
| 000 | 01021nam0 2200253 450 | |
| 001 | 0108153916 | |
| 005 | 20210308154404.0 | |
| 010 | @a978-7-5651-1813-5@dCNY40.00 | |
| 100 | @a20210307e20172014em y0chiy50 ea | |
| 101 | 0 | @achi |
| 102 | @aCN@b320000 | |
| 105 | @ay z 000yy | |
| 106 | @ar | |
| 200 | 1 | @a残疾人专职委员培训教程@Acan ji ren zhuan zhi wei yuan pei xun jiao cheng@dThe training curriculum for special committee members with disabilities@f许巧仙, 谢净编著@zeng |
| 210 | @a南京@c南京师范大学出版社@d2014.08@h2017.01 | |
| 215 | @a313页@d26cm | |
| 330 | @a本书主要内容包括:社会工作概况、社会保障法规与政策、社会组织与社会服务、社会调查、沟通与礼仪、信访工作技巧、信息技术应用、常用应用文书写作等。 | |
| 510 | 1 | @aTraining curriculum for special committee members with disabilities@zeng |
| 606 | 0 | @a残疾人@x社会服务@y中国@j教材 |
| 690 | @aD669.69@v5 | |
| 701 | 0 | @a许巧仙@Axu qiao xian@4编著 |
| 701 | 0 | @a谢净@Axie jing@4编著 |
| 801 | 0 | @aCN@bBJSZM@c20210308 |
| 905 | @b1273035-8@dD669.69@e266@f4 | |
| 残疾人专职委员培训教程=The training curriculum for special committee members with disabilities/许巧仙, 谢净编著.-南京:南京师范大学出版社,2014.08(2017.01) |
| 313页;26cm |
| ISBN 978-7-5651-1813-5:CNY40.00 |
| 本书主要内容包括:社会工作概况、社会保障法规与政策、社会组织与社会服务、社会调查、沟通与礼仪、信访工作技巧、信息技术应用、常用应用文书写作等。 |
| ● |
| 相关链接 |
|
|
|
|
正题名:残疾人专职委员培训教程
索取号:D669.69/266
 
预约/预借
| 序号 | 登录号 | 条形码 | 馆藏地/架位号 | 状态 | 备注 |
| 1 | 1273035 | 212730357 | 第一样本阅览室/ [索取号:D669.69/266] | 在馆 | |
| 2 | 1273036 | 212730366 | 教育系资料室/ [索取号:D669.69/266] | 在馆 | |
| 3 | 1273037 | 212730375 | 教育系资料室/ [索取号:D669.69/266] | 在馆 | |
| 4 | 1273038 | 212730384 | 第一借阅区/ [索取号:D669.69/266] | 在馆 |